The alkaloids Chemistry and Pharmacology Volume 29

Gespeichert in:
Bibliographische Detailangaben
Weitere Verfasser: Brossi, Arnold (Herausgegeben von)
Format: Buch
Sprache:Englisch
Veröffentlicht: Orlando Academic Press 1986
Schlagworte:
Online-Zugang:Im OPAC anzeigen
Tags: Tag hinzufügen
Keine Tags, Fügen Sie das erste Tag hinzu!

MARC

LEADER 00000nam a2200000 a 4500
005 20260127133942.0
008 090528 1986 xxu 000 0 eng d
020 |a 0124695299 
035 |a vtls009518112 
039 9 |y 200905281154  |z mschk03 
040 |a STUSCHK1  |b slo  |c STUSCHK1  |e AACR2 
080 |a 547.94 
245 1 |a The alkaloids  |b Chemistry and Pharmacology  |n Volume 29  |c edited by Arnold Brossi 
260 |a Orlando  |b Academic Press  |c 1986 
300 |a vii, 333 s.  |b il.  |c 23,5 cm 
650 0 |a alkaloidy 
700 1 |a Brossi, Arnold  |4 edt 
910 |a SCHK95 
919 |a 0-12-469529-9 (alk.paper) 
999 |c 739  |d 739